00259nam a2200097Ia 4500008004100000245003400041260000900075300003200084440002400116650002100140180117s9999 xx 000 0 und d aThis Week in Arts and Culture c2016 a6-9 pages, 2016 December 25 aPhilippine Panorama aARTS AND CULTURE